000 00792 a2200241 4500
001 38929
005 20260407155649.0
008 260407a1995 arg spa d
003 AR-UNSa-BCEJYS
040 _aAR-UNSa-BCEJYS
_bspa
_cAR-UNSa-BCEJYS
080 _a369
_xSeguridad social
245 1 0 _aLey de solidaridad previsional 24.463
_psu problemática constitucional, sustantiva y procesal
020 _a950-894-004-2
264 1 _aBuenos Aires :
_bAD-HOC
_c1995
300 _a86 p.
_c22 cm.
505 _a1. Reformas a la legislación previsional - 2. Reforma al procedimiento judicial de la seguridad social
041 _aspa
942 _cBK
590 _aniveau_biblio:m niveau_hierar:0
100 1 _aCarnota, Walter F.
650 _aLEY Nº 24.463
650 _a ley nº 24 463
999 _c2933
_d2933